Los cuatro nocturnos y una lenta iluminacion cerca de Cherbourg : (Record no. 646)

000 -CABECERA
fixed length control field 00817nam a22002297a 4500
003 - IDENTIFICADOR DEL NÚMERO DE CONTROL
control field AR-CdUCM
008 - DATOS DE LONGITUD FIJA--INFORMACIÓN GENERAL
fixed length control field 190225b ||||| |||| 00| 0 eng d
020 ## - NÚMERO INTERNACIONAL ESTÁNDAR DEL LIBRO
ISBN 8472322378
040 ## - FUENTE DE LA CATALOGACIÓN
Agencia/entidad que catalogó originalmente la obra MUNICIPALIDAD PROVINCIAL DEL CUSCO
Entidad que transcribió la catalogación BIBLIOTECA MUNICIPAL DEL CUSCO
082 ## - NÚMERO DE LA CLASIFICACIÓN DECIMAL DEWEY
No. de la edición 1ra. ed.
No. de Clasificación 868.6 /
Notacion interna P36
100 ## - ENTRADA PRINCIPAL--NOMBRE DE PERSONA
Nombre Personal Pedros, Rámon
245 ## - MENCIÓN DE TÍTULO
Título Los cuatro nocturnos y una lenta iluminacion cerca de Cherbourg :
Resto del título Premio Leopoldo Panero 1973 /
Mención de responsabilidad Pedros, Rámon
260 ## - PUBLICACIÓN, DISTRIBUCIÓN, ETC.
Lugar de publicación, distribución, etc. Madrid, España :
Nombre de la editorial, distribuidor, etc. Ediciones Cultura Hispanica ,
Fecha de publicación, distribución, etc. 1974.
300 ## - DESCRIPCIÓN FÍSICA
Nº de Páginas Extensión 68 paginas :
Dimensiones 20 cm.
440 ## - MENCIÓN DE SERIE/PUNTO DE ACCESO ADICIONAL--TÍTULO
Título Coleccion Poetica Leopoldo Panero
9 (RLIN) 2508
505 ## - NOTA DE CONTENIDO CON FORMATO
Nota de contenido formateada Poesia Hispana...
650 ## - PUNTO DE ACCESO ADICIONAL DE MATERIA--TÉRMINO DE MATERIA
Descriptor Poesia Hispana.
9 (RLIN) 2509
650 ## - PUNTO DE ACCESO ADICIONAL DE MATERIA--TÉRMINO DE MATERIA
Descriptor Literatura Española.
9 (RLIN) 612
700 ## - PUNTO DE ACCESO ADICIONAL--NOMBRE DE PERSONA
Nombre Personal Pedros, Rámon
9 (RLIN) 2507
942 ## - ELEMENTOS DE PUNTO DE ACCESO ADICIONAL (KOHA)
Fuente de clasificación
Tipo de item Libros-BMC
945 ## - PROCESAMIENTO DE INFORMACIÓN LOCAL (OCLC)
Catalogador rtm
AAAA-MM-DD - Fecha de ingreso o modificacion 2019-02-25
Holdings
Estado de retiro (separado) Fuente de clasificación o esquema de estanterías Estado dañado Ubicación Sala donde se ubica Nombre de la colección Fecha de adquisición o compra Costo, precio normal en soles Signatura topográfica Código de Barras Última vez visto (Koha) Tipo de ítem (Koha)
No     Sala Humanidades Sala Humanidades Book Cart 2019-02-25 60.00 868.6 / P36 SH0000000598 2019-02-25 Libros-BMC

Powered by Koha